000 02380cam a22004454i 4500
003 PE-LiUPU
005 20250731173133.0
008 2000----2000 pe a rb 000 0 spa d
020 _a0829731849
035 _aPE-LiUPU20250709
040 _aPE-LiUPU
_bspa
_cPE-LiUPU
_erda
082 0 4 _a224.5
_bB187d
_220
100 1 _aBall, Sunshine,
_eautor.
_95970
245 1 0 _aDaniel y el Apocalipsis /
_cSunshine Ball.
264 1 _aMiami, Florida :
_bEditorial Vida,
_c2000.
300 _a173 páginas :
_bilustraciones ;
_c21 cm
336 _atext
_2rdacontent
337 _aunmediated
_2rdamedia
338 _avolume
_2rdacarrier
504 _aIncluye referencias bíblicas y preguntas de estudio.
505 0 _aEl libro de Daniel -- El sueño de Nabucodonosor -- La estatua de Nabucodonosor y el horno en llamas -- La proclamación del Rey -- La fiesta de Belsasar -- El foso de los leones -- Las visiones de Daniel, las cuatro bestias -- El carnero y el macho cabrío -- Las siete semanas -- La última visión de Daniel -- El libro del Apocalipsis -- Las cosas que has visto -- Las cosas que son y las siete iglesias -- La puerta abierta en el cielo -- El libro sellado y el cántico de los redimidos -- Los sellos abiertos -- Los redimidos de la gran tribulación -- Las siete trompetas -- La quinta trompeta y el primer ay -- La entrada de Cristo en persona como juez -- Los dos testigos -- La mujer vestida del sol, el dragón y el hijo varón -- La bestia que sube del mar y el falso profeta -- El Cordero sobre el monte y las tres admoniciones -- Las siete copas -- La destrucción de Babilonia -- Las bodas del Cordero -- El milenio y el juicio del gran trono blanco -- El cielo nuevo y la santa ciudad -- La santa ciudad.
526 _aSEG42
526 _aSEG41
526 _aSEG40
526 _aSEG39
526 _aP94
526 _aP87
526 _aP86
526 _aP85
526 _aP77
526 _aP76
526 _aP35
630 1 2 _aBiblia.
_pDaniel
_xCrítica, interpretación etc.
_91192
630 2 4 _aBiblia.
_pApocalipsis
_xCrítica, interpretación, etc.
_91645
655 7 _aComentario bíblico.
_2rda
856 4 0 _uhttps://www.editorialvida.com
_zAcceso a la editorial.
942 _2ddc
_cBK
980 _81
_gALBERTO SANCHEZ Responsable de Automatización
999 _c33790
_d33790